| 000 | 00438nam a2200169Ia 4500 | ||
|---|---|---|---|
| 008 | 240729s9999 xx 000 0 und d | ||
| 022 | _a2353-9461 | ||
| 245 | 0 | _aBioTechnologia | |
| 260 | _aPoland | ||
| 260 | _bTermedia Publishing House | ||
| 650 | _a Biotechnology | ||
| 650 | _a Chemical technology | ||
| 650 | _aTechnology | ||
| 856 | _uhttps://doaj.org/toc/918ae58e5a3349c9b5d89f2311120d2b | ||
| 942 | _2ddc | ||
| 942 | _cDOAJEJ | ||
| 999 |
_c74646 _d74646 |
||
| 945 |
_a1 _bMadushi Gamage _c1 _dMadushi Gamage |
||